| 000 | 00511nam a22001697a 4500 | ||
|---|---|---|---|
| 003 | OSt | ||
| 005 | 20250826055950.0 | ||
| 008 | 250826b |||||||| |||| 00| 0 eng d | ||
| 040 |
_aDWCL-Main lib _cOC |
||
| 082 | _aCirc. 338.47910 D427t 2010 | ||
| 245 |
_aThe travel dictionary/ _cDervaes, Claudine |
||
| 250 | _aPhilippine edition | ||
| 260 |
_aSingapore : _bCengage Learning, _cc2010. |
||
| 300 |
_a362 pages ; _c21 cm. |
||
| 650 | _a1.Tourism--Dictionaries. | ||
| 942 |
_2ddc _cBK-GR _ePhilippine edition _kGR. _n0 |
||
| 999 |
_c4268 _d4268 |
||